Cómo organizar hoy empresas con futuro /

محفوظ في:
التفاصيل البيبلوغرافية
المؤلف الرئيسي: Hickman, Craig R. (autor)
مؤلفون آخرون: Silva, Michael A. (autor) (autor)
التنسيق: كتاب
اللغة:الإسبانية
منشور في: Buenos Aires, Argentina : Granica, 1990, c1990
سلاسل:(Management y Organización)
الموضوعات:
الوسوم: إضافة وسم
لا توجد وسوم, كن أول من يضع وسما على هذه التسجيلة!

MARC

LEADER 00000nam^a2200000^a^4500
001 000032358
005 20250521000000.0
009 20260310085116.036
020 |a 950-641-096-8 
037 |a Acervo ITESO - Biblioteca 
041 |a ESP 
082 |a 658. 1  |b HIC 
100 |a Hickman, Craig R.  |e (autor) 
245 1 0 |a Cómo organizar hoy empresas con futuro /  |c C.R. Hickman, M.A. Silva ; tr. por Oscar L. Molina. 
264 4 |a Buenos Aires, Argentina :  |b Granica,  |c 1990, c1990 
300 |a 396 p. 
336 |a texto  |b txt  |2 rdacontenido 
337 |a sin mediación  |b n  |2 rdamedio 
338 |a volumen  |b nc  |2 rdasoporte 
440 1 |a (Management y Organización) 
500 |a Traducción de: The Future 500, Creating Tomorrow's Organinizations Today 
649 |a XX 
650 |a Empresas -  |x Administración 
650 |a Gerentes y Jefes 
650 |a Recursos Humanos 
650 |a Ciencias Administrativas 
700 |a Silva, Michael A.  |e (autor) 
910 |a Fondo General 
920 |a Impresos - Libros 
930 |a Colección General 
905 |a 101 
901 |a 0323580100  |b IT1  |c ACC  |i 032358  |u 20250521 
902 |a https://opac.biblio.iteso.mx/vufind/Record/000032358